000 00461nam a2200181Ia 4500
001 9980
005 20260306161758.0
008 260306t1884||||xx |||||||||||||| ||spa||
041 _aESP
082 _aPE 869.56
_bI23
100 _aIbañez, Francisco [1827-1899]
_eAUT
245 0 _aTradiciones de mi tierra:
_bescritas en ratos de ocio
260 _c1884
300 _a244 páginas :
_c17 cm.
650 _aGEN
654 _aCHU
942 _cLIB
_dJUS
_fJUS
_2ddc
_n
999 _c9980
_d9980